Unicorn Rescue Society : (Record no. 8739)
[ view plain ]
| 000 -LEADER | |
|---|---|
| fixed length control field | 01072nam a22002537a 4500 |
| 003 - CONTROL NUMBER IDENTIFIER | |
| control field | OSt |
| 005 - DATE AND TIME OF LATEST TRANSACTION | |
| control field | 20260309034236.0 |
| 008 - FIXED-LENGTH DATA ELEMENTS--GENERAL INFORMATION | |
| fixed length control field | 260309b |||||||| |||| 00| 0 eng d |
| 020 ## - INTERNATIONAL STANDARD BOOK NUMBER | |
| International Standard Book Number | 9780735231702 |
| 040 ## - CATALOGING SOURCE | |
| Original cataloging agency | DWCL GS lib |
| Transcribing agency | OC |
| 082 ## - DEWEY DECIMAL CLASSIFICATION NUMBER | |
| Classification number | DWC G453u 2018 |
| 100 ## - MAIN ENTRY--PERSONAL NAME | |
| Personal name | Gidwitz, Adam |
| 245 ## - TITLE STATEMENT | |
| Title | Unicorn Rescue Society : |
| Remainder of title | The Creature of The Pines |
| 260 ## - PUBLICATION, DISTRIBUTION, ETC. | |
| Place of publication, distribution, etc. | United States |
| Name of publisher, distributor, etc. | Dutton Children's Books |
| Date of publication, distribution, etc. | c2018. |
| 300 ## - PHYSICAL DESCRIPTION | |
| Extent | vii, 167 pages: |
| Other physical details | illustrations |
| Dimensions | 21cm. |
| 504 ## - BIBLIOGRAPHY, ETC. NOTE | |
| Bibliography, etc. note | The Creature of the Pines (2018), The Basque Dragon (2018), Sasquatch and the Muckleshoot (2018), The Chupacabras of the Rio Grande (2019), The Madre de Aguas of Cuba (2019/2020), and The Secret of the Himalayas (2022) |
| 520 ## - SUMMARY, ETC. | |
| Summary, etc. | A middle-grade series following students Elliot Eisner and Uchenna Devereaux, who join their eccentric teacher, Professor Fauna, to protect endangered mythical creatures. |
| 546 ## - LANGUAGE NOTE | |
| Language note | English |
| 650 ## - SUBJECT ADDED ENTRY--TOPICAL TERM | |
| Topical term or geographic name entry element | friendship |
| 650 ## - SUBJECT ADDED ENTRY--TOPICAL TERM | |
| Topical term or geographic name entry element | environmental conservation |
| 650 ## - SUBJECT ADDED ENTRY--TOPICAL TERM | |
| Topical term or geographic name entry element | adventure |
| 700 ## - ADDED ENTRY--PERSONAL NAME | |
| Personal name | Hatem Aly |
| 942 ## - ADDED ENTRY ELEMENTS (KOHA) | |
| Source of classification or shelving scheme | Dewey Decimal Classification |
| Koha item type | Book- Reserved |
| Classification part | DWC |
| Suppress in OPAC | No |
| 952 ## - LOCATION AND ITEM INFORMATION (KOHA) | |
| -- | |
| Withdrawn status | Lost status | Source of classification or shelving scheme | Damaged status | Not for loan | Home library | Current library | Shelving location | Date acquired | Source of acquisition | Total Checkouts | Full call number | Barcode | Date last seen | Copy number | Price effective from | Koha item type | Uniform Resource Identifier |
|---|---|---|---|---|---|---|---|---|---|---|---|---|---|---|---|---|---|
| Dewey Decimal Classification | Grade School Library | Grade School Library | Reserved | 03/09/2026 | School Fund, Donation | DWC G453u 2018. | 23359 | 03/09/2026 | c1 | 03/09/2026 | BK-0 CIRC |